• 首页
  • 本馆介绍
  • 公告通知
  • 最新文献
  • 馆藏检索
  • 电子资源
  • 读者导购
  • 参考咨询
  • 我的图书馆
  • 登录
  • 详细信息显示
  • 放入我的书架
  • 预约/预借图书
  • 作者相关作品
  • 分类相关作品
  • 丛书相关作品
  • 出版社相关作品

书目信息

  • 表格格式
  • 工作单格式
  • 卡片格式
题名:
梦回两晋看奇案
    
 
作者: 姜正成 著
分册:  
出版信息: 长春   吉林出版社  2018
页数: 194页
开本: 24cm
丛书名: 千古奇案系列
单 册:
中图分类: K237.09
科图分类:
主题词: 中国历史--zhong guo li shi--晋代--通俗读物
电子资源:
ISBN: 978-7-5581-5542-0
000 00937nam 2200265 450
001 012001008267
005 20131022134003.0
010    @a978-7-5581-5542-0@dCNY49.80
099    @aCAL 012018142524
100    @a20181106d2018 ekmy0chiy50 ea
101 0  @achi
102    @aCN@b220000
105    @ay z 000yy
106    @ar
200 1  @a梦回两晋看奇案@Ameng hui liang jin kan qi an@f姜正成著
210    @a长春@c吉林出版社@d2018
215    @a194页@d24cm
225 2  @a千古奇案系列@Aqian gu qi an xi lie
330    @a本书内容讲述了一个充满谜团的两晋,介绍了两晋、南北朝时期的政治、军事、经济和社会生活以及一些著名的历史人物和他们身上发生的故事,为读者展现出了那个风云变幻、荡气回肠的时代风采。
410  0 @12001 @a千古奇案系列
606 0  @a中国历史@Azhong guo li shi@z晋代@j通俗读物
690    @aK237.09@v5
701  0 @a姜正成@Ajiang zheng cheng@4著
801  0 @aCN@b上海新华@c20191020
905    @b1180761-4@dK237.09@e114@f4
    
    梦回两晋看奇案/姜正成著.-长春:吉林出版社,2018
    194页;24cm.-(千古奇案系列)
    
    
    ISBN 978-7-5581-5542-0:CNY49.80
    本书内容讲述了一个充满谜团的两晋,介绍了两晋、南北朝时期的政治、军事、经济和社会生活以及一些著名的历史人物和他们身上发生的故事,为读者展现出了那个风云变幻、荡气回肠的时代风采。
●
相关链接 在E读中查询图书 在五车中查询图书 在当当中查询图书 在豆瓣中查询图书


正题名:梦回两晋看奇案     索取号:K237.09/114         预约/预借

序号 登录号 条形码 馆藏地/架位号 状态 备注
1 1180761   211807614   第二样本阅览室/ [索取号:K237.09/114] 在馆    
2 1180762   211807623   第二借阅区/ [索取号:K237.09/114] 在馆    
3 1180763   211807632   第二借阅区/ [索取号:K237.09/114] 在馆    
4 1180764   211807641   第二借阅区/ [索取号:K237.09/114] 在馆    
唐山师范学院图书馆 欢迎您!
大连网信软件有限公司© 版权所有